Propaganda and persuasion / (Record no. 8092)

MARC details
000 -LEADER
fixed length control field 00688nam a22002292 4500
001 - CONTROL NUMBER
control field 0000011907
005 - DATE AND TIME OF LATEST TRANSACTION
control field 20151217152103.0
008 - FIXED-LENGTH DATA ELEMENTS--GENERAL INFORMATION
fixed length control field 090120s xx 000 0 eng d
020 ## - INTERNATIONAL STANDARD BOOK NUMBER
International Standard Book Number 1412908973 :
040 ## - CATALOGING SOURCE
Original cataloging agency KABU
Transcribing agency KABU
100 1# - MAIN ENTRY--PERSONAL NAME
Personal name Jowett, Garth S.
-- 0000167958
245 10 - TITLE STATEMENT
Title Propaganda and persuasion /
Statement of responsibility, etc. Garth S. Jowett, Victoria O'Donnell.
250 ## - EDITION STATEMENT
Edition statement 4th ed.
260 ## - PUBLICATION, DISTRIBUTION, ETC. (IMPRINT)
Place of publication, distribution, etc. London :
Name of publisher, distributor, etc. Sage,
Date of publication, distribution, etc. 2006.
300 ## - PHYSICAL DESCRIPTION
Extent xxii, 422 p.
650 #0 - SUBJECT ADDED ENTRY--TOPICAL TERM
Topical term or geographic name as entry element Propaganda.
-- 0000167959
650 #0 - SUBJECT ADDED ENTRY--TOPICAL TERM
Topical term or geographic name as entry element Persuasion (Psychology)
-- 0000148091
700 1# - ADDED ENTRY--PERSONAL NAME
Personal name O'Donnell, Victoria.
-- 0000167960
852 1# - LOCATION
-- p3950 KES
908 ## - PUT COMMAND PARAMETER (RLIN)
Put command parameter 090120
950 ## - LOCAL HOLDINGS (RLIN)
-- 1
Holdings
Withdrawn status Lost status Source of classification or shelving scheme Not for loan Home library Current library Date acquired Total Checkouts Total Renewals Full call number Barcode Date last seen Date last checked out Price effective from Koha item type
    Library of Congress Classification   Kabarak, Main Campus Kabarak, Main Campus 17/12/2015 2 1 HM1231 .J69 2006 c. 1 16266 10/12/2025 30/10/2025 17/12/2015 General Collection
Designed with assistance from East African Informatics Ltd